00508nam a2200193 a 4500001001300000003000900013005001700022008004100039020001000080082001900090100002200109245004600131260004200177300000900219500003500228505001300263650001600276700002200292nice12345678IN_TiNIC20260116011849.0050524s1969 bana grp 000 0 urd  ac3.500a891.4391bKHA4 aKhateeb, Sulaiman aDhanakb Sulaiman Klhateeb Awr Unka Kalam aBangalorebUrdu Literary Centrec1969 a216p aincludes index and biblioraphy2 aAppendix aUrdu-Poetry1 aKhateeb, Sulaiman